000 00298nam a2200121Ia 4500
008 180321s2003 xx 000 0 und d
082 _a344.046 OXF
245 _aAnnual report 2002-2003
260 _aNew Delhi
_bOxfam
_c2003
300 _a31
650 _aDisaster
650 _aRight to livelihoods
999 _c110825
_d110825